00469nam a2200193 a 4500001001300000003000900013005001700022008004100039020001000080082001500090100001500105245002100120260003000141300000800171500003500179505001900214650002700233700001500260nice12345678IN_TiNIC20260116011808.0050524s1932 egya grp 000 0 ara  ac10000a232.9bSPE aSpeer, R E aAl-Qaulas Sareeh aEgyptbMatba-E-Neelc1932 a55p aincludes index and biblioraphy2 aReserve copies aJesus Christ-Character1 aSpeer, R E